Cultivo del chirimoyo
Salvato in:
| Autore principale: | |
|---|---|
| Altri autori: | |
| Natura: | Libro |
| Lingua: | spagnolo |
| Pubblicazione: |
Santiago
Universidad Católica de Chile
1986
|
| Soggetti: | |
| Tags: |
Aggiungi Tag
Nessun Tag, puoi essere il primo ad aggiungerne!!
|
MARC
| LEADER | 00000nam a2200000 a 4500 | ||
|---|---|---|---|
| 001 | UCI9845 | ||
| 003 | CL-VaPUC | ||
| 008 | 081212e19860000CL |||||||||||||||||spa|d | ||
| 082 | 0 | 4 | |a 634.41 |b GAR |2 21 |
| 100 | |a Gardiazábal Irazábal, Francisco Javier |e autor |9 787875 | ||
| 700 | |a Rosenberg Melnick, Gregorio |e autor |9 533841 | ||
| 245 | 1 | 0 | |a Cultivo del chirimoyo |
| 300 | |a 112 p | ||
| 942 | |c BK | ||
| 945 | |d 20081212 00:00:00 |a jtorresc | ||
| 260 | |a Santiago |b Universidad Católica de Chile |c 1986 | ||
| 650 | 0 | |a Chirimoyo (Annona cherimola) |9 264437 | |
| 650 | 0 | |a Fruticultura |9 259678 | |
| 650 | 0 | |a Producción agrícola |9 353481 | |
| 583 | |a last modification |c 20170118 05:22:49 |k Rodrigo Vera | ||
| 999 | |c 332303 |d 332301 | ||
| 952 | |0 0 |1 0 |4 0 |6 634_410000000000000_GAR_1986 |7 0 |8 A |9 419905 |a BIBAGR |b BIBAGR |d 2019-11-22 |i 4504461 |l 2 |o 634.41 GAR 1986 |p 4504461 |r 2025-01-20 |s 2024-05-13 |w 2019-11-22 |y BK |k AGR | ||